Understanding screenplays of Satyajit Ray : (Record no. 102275)

MARC details
000 -LEADER
fixed length control field 00653nam a22002057a 4500
005 - DATE AND TIME OF LATEST TRANSACTION
control field 20230317125628.0
010 ## - LCCN (DPL NO)
LC control number ENG-136301 ENG-115748
020 ## - INTERNATIONAL STANDARD BOOK NUMBER
International Standard Book Number 9789384002725
Terms of availability 850.00
035 ## - SYSTEM CONTROL NUMBER
System control number EN-99280
035 ## - SYSTEM CONTROL NUMBER
System control number EN-119833
037 ## - SOURCE OF ACQUISITION
Source of stock number/acquisition DBAD/PUB
082 ## - DEWEY DECIMAL CLASSIFICATION NUMBER
Classification number 791.437092
100 ## - MAIN ENTRY--PERSONAL NAME
Personal name Dasgupta,Tamal
245 ## - TITLE STATEMENT
Title Understanding screenplays of Satyajit Ray :
Remainder of title the art of adaptation /
Statement of responsibility, etc By Tamal Dasgupta
260 ## - PUBLICATION, DISTRIBUTION, ETC. (IMPRINT)
Place of publication, distribution, etc Kolkata
Name of publisher, distributor, etc Gangchil
Date of publication, distribution, etc 2012
270 ## - ADDRESS
Address Matir Bari,Onkar Park,Ghola Bazar
City Kolkata
Postal code 700111
300 ## - PHYSICAL DESCRIPTION
Extent 86p.
Dimensions 21cm(Hb)
500 ## - GENERAL NOTE
General note Includes bibliographical referenes
942 ## - ADDED ENTRY ELEMENTS (KOHA)
Source of classification or shelving scheme Dewey Decimal Classification
Item type English Books
Classification part 791.437092
Call number suffix DAS
Holdings
Withdrawn status Lost status Not for loan Collection code Home library Current library Date acquired Source of acquisition Cost, normal purchase price Full call number Barcode Copy number Cost, replacement price Koha item type
      Non-fiction Katevara Katevara 02/03/2023 DBAD/PUB 850.00 791.437092 DAS EN-119833 1 850.00 English Books
      Non-fiction Shahdara Branch Shahdara Branch 12/08/2016 DBAD/PUB 850.00 791.437092 DAS EN-99280 1 850.00 English Books

© Delhi Public Library
Hit Counter
free hit counter